000
00273nam a2200097Ia 4500
008
220204s9999 xx 000 0 und d
082
_a
NR:0161983
_b
RRM
245
0
_a
Publications of the Rubber Research Institute of Malaysia for 1983
260
_a
Malaysia
_b
RRIM
942
_c
BK
999
_c
43432
_d
43432